000 00667nam a2200265Ia 4500
005 20260302115411.0
008 008 260114s9999 xx 000 0 eng d
020 _a9781350388611
037 _aTextbook
040 _aCRL
040 _beng
040 _cCRL
041 _2eng
041 _aeng
084 _qCRL
100 _aPeter Bayley
_91121514
245 0 _aSpenser: The Faerie Queene
260 _bBloomsbury
260 _bBloomsbury Academic
260 _c1977
650 _aLiterary Studies
856 _uhttps://doi.org/10.5040/9781350388611?locatt=label:secondary_bloomsburyCollections
942 _cEBOOK
999 _c1686083
_d1686083